Statistics for Hearthstone- All Weapon Cards

Click here to take the quiz!

General Stats

  • This quiz has been taken 5 times
    (4 since last reset)
  • The average score is 11 of 73

Answer Stats

ManaClassSetWeapon% Correct
6MageKoboldsAluneth
100%
5WarriorBasicArcanite Reaper
67%
3PriestKoboldsDragon Soul
67%
3WarriorBasicFiery War Axe
67%
7WarriorClassicGorehowl
67%
1RogueKoboldsKingsbane
67%
8ShamanKoboldsThe Runespear
67%
4DruidKoboldsTwig of the World Tree
67%
6PaladinKoboldsVal'anyr
67%
8WarriorKoboldsWoecleaver
67%
3WarriorDragonsAncharrr
33%
2PaladinGrand TourneyArgent Lance
33%
3PaladinGvGCoghammer
33%
1WarriorExplorers LeagueCursed Blade
33%
5ShamanClassicDoomhammer
33%
7HunterClassicGladiator's Longbow
33%
1PaladinBasicLight's Justice
33%
7HunterKoboldsRhok'delar
33%
5WarlockKoboldsSkull of Man'ari
33%
4ShamanGalakrondThe Fist of Ra-den
33%
7PaladinUn'GoroVinecleaver
33%
5RogueBasicAssasin's Blade
0%
2WarriorKoboldsBladed Gauntlet
0%
1PaladinRastakhanBloodclaw
0%
4WarriorFrozen ThroneBlood Razor
0%
4WarriorGadgetzanBrass Knuckles
0%
1HunterKoboldsCandleshot
0%
4ShamanGrand TourneyCharged Hammer
0%
3RogueGvGCogmaster's Wrench
0%
4WarriorNaxxramasDeath's Bite
0%
3HunterUldumDesert Spear
0%
3HunterClassicEaglethorn Bow
0%
5PaladinRastakhanFarraki Battle Axe
0%
5WarriorKarazhanFool's Bane
0%
2HunterGvGGlaivezooka
0%
5ShamanOld GodsHammer of Twilight
0%
2HunterRastakhanHeadhunter's Hatchet
0%
3RogueUldumHooked Scimitar
0%
3ShamanFrozen ThroneIce Breaker
0%
2ShamanGadgetzanJade Claws
0%
3WarriorGrand TourneyKing's Defender
0%
4PaladinFrozen ThroneLight's Sorrow
0%
2ShamanRastakhanLikkim
0%
3WarriorUldumLivewire Lance
0%
1WarriorUn'GoroMolten Blade
0%
2PaladinShadowsMysterious Blade
0%
3RogueBoomsdayNecrium Blade
0%
4RogueUn'GoroObsidian Shard
0%
3WarriorGvGOgre Warmaul
0%
3WarriorRastakhanOverlord's Whip
0%
3RogueClassicPerdition's Blade
0%
5HunterGadgetzanPiranha Launcher
0%
4RogueGrand TourneyPoison Blade
0%
3ShamanGvGPowermace
0%
3PaladinOld GodsRallying Blade
0%
2WarriorDragonsRitual Chopper
0%
1RogueRastakhanSerrated Tooth
0%
3RogueFrozen ThroneShadowblade
0%
8PaladinWitchwoodSilver Sword
0%
4RogueFrozen ThroneSpectral Cutlass
0%
2ShamanKarazhanSpirit Claws
0%
4ShamanUldumSplitting Axe
0%
2ShamanClassicStormforged Axe
0%
3HunterDragonsStormhammer
0%
6WarriorRastakhanSul'thraze
0%
5WarriorBoomsdaySupercollider
0%
3PaladinClassicSword of Justice
0%
5WarriorOld GodsTentacles for Arms
0%
4PaladinBasicTruesilver Champion
0%
3PaladinKoboldsUnidentified Maul
0%
4RogueShadowsWaggle Pick
0%
2WarriorWitchwoodWoodcutter's Axe
0%
4WarriorShadowsWrenchcalibur
0%

Score Distribution

Percentile by Number Answered

Percent of People with Each Score

Your Score History

You have not taken this quiz since the last reset